Math A-Z - Statistics

General Stats
  • This quiz has been taken 80 times
  • The average score is 14 of 26
Answer Stats
Letter Hint Answer % Correct
W The formula for the area of a rectangle is length × ____ Width
86%
I Parallel lines don't do this Intersect
85%
L If the graph resembles a straight line Linear
83%
G One followed by 100 zeroes Googol
81%
K Prefix meaning thousand Kilo
81%
Q The answer to a division problem Quotient
74%
T A line that touches a curve, but doesn't cross it Tangent
72%
M The number in a list with the most occurrences Mode
69%
R A transformation where a figure turns around a fixed point Rotation
68%
Y The vertical line of a coordinate plane Y-Axis
67%
S Steepness; rise over run Slope
65%
F The product of an integer all all integers less that it (!) Factorial
60%
A A line an exponential function will get close to, but never meet Asymptote
58%
N Another name for positive numbers Natural Numbers
57%
V The minimum or maximum point of a parabola Vertex
54%
P If it has more than one term, it's a... Polynomial
50%
U The slope of a vertical line is this Undefined
49%
X What determines the horizontal position of a point on a coordinate plane X-Value
46%
C A line segment with endpoints along the circumference of a circle Chord
43%
B Something that divides a geometric figure into congruent halves Bisector
42%
Z Another name for the x-intercept, solution, or root Zero
36%
D Used to find the number of roots a quadratic has (b² - 4ac) Discriminant
29%
H A conic section that looks like two C's facing away from each other Hyperbola
29%
E To remove the parenthesis in an algebraic expression Expand
28%
J Direct variation but with two variables (z = kxy) {Joint} Variation
15%
O Used to name the location of a point on a coordinate plane Ordered Pair
6%
No matching quizzes found
Score Distribution
Percent of People with Each Score
Percentile by Number Answered
Your Score History
You have not taken this quiz